00553nam a22001817a 450000500170000000800410001702000300005804100130008808200130010110000270011424500590014125000190020026000570021930000310027665000250030794200240033299900150035620240124091634.0240124b |||||||| |||| 00| 0 eng d a0409004480 ; 040900460 X  aEnglish  a349 JOU  aJoubert, WA lEnglish  aThe Law of South Africa : Criminal Law / cWA Joubert  aFirst Reissue  aDurban : bButterworth Publishers (Pty) Ltd, c1996  bvii, 617 pages ; c26 cm.  aLegal practice bLaw cBK6ALISON_BN_VRIES c1288d1288